Cookbook Authors Quiz Stats

 Plays Quiz Updated Sep 30, 2018

Score 0/20 Timer 05:00
0 Plays Today
% Correct
Julia Child
64.7%
Madhur Jaffrey
57.2%
Jamie Oliver
56.5%
Anthony Bourdain
49.4%
Georges Auguste Escoffier
44.4%
Gordon Ramsay
42.3%
Paula Deen
42%
Ming Tsai
41.7%
Bobby Flay
37.3%
Mary Berry
34%
% Correct
Michael Pollan
31.9%
Ferran AdriĆ 
28%
Isabella Beeton
26.6%
Irma Rombauer
26.1%
Rick Bayless
24.9%
Martha Stewart
22.8%
Elizabeth David
17.9%
Fannie Farmer
17.9%
Steven Raichlen
16.2%
Rudolph van Veen
8.6%

You're not logged in!

Compare scores with friends on all Sporcle quizzes.
OR
Log In

Sporcle TV

Today on Sporcle TV


Watch our educational content, quiz creation guides, and fun videos on Sporcle TV.

Show Comments

Extras

Top Quizzes Today


Score Distribution

Your Account Isn't Verified!

In order to create a playlist on Sporcle, you need to verify the email address you used during registration. Go to your Sporcle Settings to finish the process.

Report this User

Report this user for behavior that violates our Community Guidelines.

Details: